Capital Bra & CRO - Frühstück in Paris (Lyrics) - Statistiken

Allgemein
  • Dieses Quiz wurde 193 mal gespielt
  • Das Durchschnittsergebnis liegt bei 206 aus 329
Antwortstatistiken
Lyrics % Korrekt
in
92%
Paris
92%
Frühstück
91%
Frühstück?
91%
ich
87%
Ich
87%
oder
82%
auf
81%
ist
81%
Party
81%
die
80%
Ibiza?
80%
Ibiza
80%
wir
80%
dir
79%
wie
78%
Wie
78%
Baby
77%
bin
77%
CRO Du
77%
du
77%
mein
77%
nie
77%
sag
77%
den
76%
was
76%
wieder
76%
lieber?
74%
Und
74%
und
74%
Komm
73%
komm
73%
meine
73%
Bra | Capital Nein
73%
das
70%
für
68%
broke
67%
so
67%
Flieger
66%
mich
66%
sie
66%
hab'
63%
steigen
63%
viel
63%
Visa
63%
dass
62%
Es
62%
es
62%
mehr
62%
schon
61%
kann
60%
mit
60%
diese
59%
kaufen
59%
sprengen
59%
teil'
59%
Sonne
57%
geb
55%
musst
55%
braun
54%
doch
54%
gebrannt
54%
suchen
54%
Cash
53%
Denn
53%
frieren
53%
gottverdammte
53%
Kripo
53%
im
52%
Jetzt
51%
Kripos
47%
Pass
47%
ab
45%
Falscher
45%
falscher
45%
nach
45%
dich
44%
alles
42%
Ja
42%
Scheine
42%
wo
42%
bei
41%
mir
41%
Fliegen
39%
aufgewacht
38%
einer
38%
Traum
38%
aus
37%
grad
36%
hauen
36%
Nacht
36%
Affäre
35%
gedacht
35%
kleine
35%
Stadt
35%
bis
34%
Lass
34%
Zu
34%
zu
34%
einfach
33%
Einfach
33%
Fahr
33%
hin?
33%
Meere
33%
Dezember
32%
grauen
32%
über
32%
uns
32%
dieser
31%
Märchen
31%
nicht
30%
möglich
28%
high
27%
Jacht
27%
scheinen
27%
1001
26%
dein
26%
viele
26%
Wärme?
26%
nur
25%
des
24%
Haus
24%
Bali
23%
fake
23%
irgendwo
23%
Gas
22%
G-Class
22%
Geldes
22%
Para
22%
chillen
21%
spürst
21%
Class
20%
denk
20%
First
20%
Wenn
20%
Babe
19%
Vegas
19%
beide
18%
drucke
18%
Ferrari
17%
Hier
17%
ner
16%
würdest
16%
durch
15%
heizen
15%
Hinter
15%
Favelas
14%
flüchte
13%
Brettern
12%
Heute
11%
Färöer
7%
Keine übereinstimmenden Quizze gefunden
Verteilung der Resultate
Anzahl Personen mit jedem Resultat
Perzentil nach korrekt beantworteten Fragen
Ihre Resultats-Entwicklung
Sie haben dieses Quiz noch nicht gespielt